000 00953nas a2200289 4500
001 BR2016003362
003 BR-BrBNA
005 20231205130513.0
007 ta
008 230509b bl.|||p| |||| 00| 00por d
040 _aBR-BrBNA
_bpor
_cBiblioteca Nacional de Agricultura
041 _a(Pt)
072 _aU10; K10
100 1 _aFavalessa, C.M.C.
100 1 _aUbialli, J.A.
100 1 _aCaldeira, S.F.
100 1 _aDrescher, R.
245 1 _aFunções de afilamento não segmentadas e segmentadas para Tectona grandis na região centro-sul matogrossense
650 _aTECTONA GRANDIS
650 _aTECA
650 _aDIÂMETRO
650 _aMODELO MATEMÁTICO
773 0 _tPesquisa Florestal Brasileira (Brazil)
_xISSN 1983-2605
_g(Oct-Dec 2012), v. 32(72) p. 373-387
_wBR2016003362
856 4 0 _uhttp://pfb.cnpf.embrapa.br/pfb/index.php/pfb/article/view/320
909 _a202311
_bLúcia
_c55
_dLúcia Elande
942 _2AGRIS
_n0
_cANA
999 _c249798
_d249798